000 00725nam a22002177a 4500
001 48354
003 UA-OsUOA
005 20220815104854.0
007 ta
008 20070904b un ||||| |||| 00| 0 ukr d
040 _aUA-OsUOA
_bukr
_cUA-OsUOA
_dUA-OsUOA
041 _aukr
080 _a821.161.2
090 _a821.161.2
_bФ83
245 _aФранкова криниця: вивчення творчості І. Я. Франка в школі
_bпосібник для вчителя
_cза ред. Л. М. Кіліченко
260 _aК.
_bРадянська школа
_c1991
300 _a286 с.
650 7 _a82 Література. Літературознавство
_2UDC
942 _cBK
_2udc
955 _a2
999 _c334459
_d334459